| 000 | 00718nam a2200253 i 4500 | ||
|---|---|---|---|
| 001 | 8789 | ||
| 003 | ES-MaACL | ||
| 005 | 20250316180136.0 | ||
| 007 | t| | ||
| 008 | 920930s1990 sp ||||1| spa d | ||
| 020 | _a84-7774-856-X | ||
| 080 | _a4.08 | ||
| 100 | 1 |
_aMoreno Cabrera, Juan Carlos. _983335 |
|
| 245 | 1 | 0 |
_aLenguas del mundo / _cJuan Carlos Moreno Cabrera. |
| 260 |
_aMadrid : _bVisor, _cD.L. 1990. |
||
| 300 |
_a179, [9] p. ; _c22 cm. |
||
| 490 | 1 |
_aLingüística y conocimiento ; _v6 |
|
| 650 | 4 |
_aLenguas. _914353 |
|
| 650 | 4 |
_aLingüística _914463 |
|
| 830 | 0 |
_aLingüística y conocimiento ; _v6 _9178006 |
|
| 852 |
_aES-MaACL _jL-16072 _bR.120597 |
||
| 942 | _2udc | ||
| 999 |
_c8789 _d8789 |
||